000 02561cam a22004574i 4500
003 PE-LiUPU
005 20250731165437.0
008 160523s2016 pe a grm 000 0 spa d
035 _a(Sirsi) a156780
040 _aPE-LiUPU
_bspa
_cPE-LiUPU
_erda
099 _aTEF 2
_bC14 2016
100 1 _aCáceres Ravelo, Keren Marieth
_eautor
245 1 _aEfectividad del programa "Plan de reforma de vida" en el síndrome metabólico en trabajadores de empresas privadas de Lima Este, 2015 /
_cKeren Marieth Cáceres Ravelo.
264 0 _c2016.
300 _a187 hojas :
_bilustraciones;
_c30 cm
336 _atext
_2rdacontent
337 _aunmediated
_2rdamedia
338 _avolume
_2rdacarrier
502 _aTesis
_b(Lic.) --
_cUniversidad Peruana Unión,
_d2016.
504 _aIncluye bibliografía
520 3 _aLa investigación tuvo como objetivo efectividad del programa "Plan de reforma de vida" en el síndrome metabólico en los trabajadores de empresas privadas de Lima Este, 2015. El estudio fue de enfoque cuantitativo, de corte longitudinal y de diseño pre-experimental, donde se realizó una
_era. 2da. medición. La muestra estuvo conformado por 66 trabajadores, entre 18 a 60 años, quienes fueron seleccionados mediante el muestreo no probabilístico de tipo intencional. Los instrumentos fueron: tarjeta de control, ficha médica y clínica. El programa educativo se basó en tres pilares: alimentación celestre, alimentación terrestre y alimentación humana, siendo 12 sesiones. La intervención se realizó en cinco meses (junio-octubre). Se encontró diferencias estadísticamente significativas en los indicadores del perímetro abdominal (Mdn=92.00;Mdn=89.00; p<,05), triglicéridos (Mdn=254.00;Mdn=192.50; p<,05), glicemia (Mdn=88.65.00;Mdn=85.85; p<,05), presión arterial sistólica (Mdn=130.00;Mdn=120.00; p<,05), presión arterial diastólica (Mdn=80.00;Mdn=70.00; p<,05) a excepción del colesterol (HDL (Mdn=35.00;Mdn=32.50; p<,05).
526 _aSEG44
526 _aSEG26
526 _aP151
526 _aP150
526 _aP149
526 _aP146
526 _aP145
526 _aP126
526 _aP125
526 _aP92
526 _aP75
526 _aP74
526 _aP27
526 _aP15
650 0 4 _aSíndrome metabólico
_vTesis.
700 1 _aVásquez Nuñez, Sandy Mirilin
_eautor
596 _a1
942 _2ddc
_cTESIS
999 _aTEF 2 C14 2016
_wALPHANUM
_c9430
_iT01934
_lCCODEBUL3
_mBUL
_r1
_sY
_tTESIS
_u2016-5-23
_xSALUD
_PP22
_o.STAFF. Tesis
_d9430
980 _81
_gALBERTO SANCHEZ Responsable de Automatización